El camino europeo hacia la excelencia /

Estudio de la Unión Europea, adjudicado en 1999 al equipo formado por la empresa de consultoría inglesa WS Atkins y la Universidad de Navarra en España, sobre las experiencias de varias empresas de la industria de la construcción que han adoptado sistemas de calidad, con objeto de conocer los benefi...

Deskribapen osoa

Gorde:
Xehetasun bibliografikoak
Erakunde egilea: Unión Europea. Dirección General de Industria de la Comisión de la Unión Europea
Beste egile batzuk: Sánchez-Ostiz Gutiérrez, Ana (dirección) (dirección), Law, Graham (dirección) (dirección)
Formatua: Liburua
Hizkuntza:gaztelania
Argitaratua: Madrid, España : Dossat, 2001, c2001
Saila:(Construcción, Urbanismo y Tasación Inmobiliaria)
Gaiak:
Etiketak: Etiketa erantsi
Etiketarik gabe, Izan zaitez lehena erregistro honi etiketa jartzen!

MARC

LEADER 00000nam^a2200000^a^4500
001 000154322
005 20250521000000.0
009 20260310100350.993
020 |a 84-95312-50-6 
037 |a Acervo ITESO - Biblioteca 
041 |a ESP 
082 |a 624. 0685  |b UNI 
110 |a Unión Europea.  |b Dirección General de Industria de la Comisión de la Unión Europea 
245 1 3 |a El camino europeo hacia la excelencia /  |c Dir. de G. Law, A. Sánchez-Ostiz Gutiérrez ; pról. de Antonio García Valcarce ; adaptación y tr. por Ana Sánchez-Ortiz Gutiérrez, Cristina Sanz, Purificación González. 
264 4 |a Madrid, España :  |b Dossat,  |c 2001, c2001 
300 |a 171 p. 
336 |a texto  |b txt  |2 rdacontenido 
337 |a sin mediación  |b n  |2 rdamedio 
338 |a volumen  |b nc  |2 rdasoporte 
440 1 |a (Construcción, Urbanismo y Tasación Inmobiliaria) 
500 |a Traducción de: The European Way to Excellence in Construction 
520 |a Estudio de la Unión Europea, adjudicado en 1999 al equipo formado por la empresa de consultoría inglesa WS Atkins y la Universidad de Navarra en España, sobre las experiencias de varias empresas de la industria de la construcción que han adoptado sistemas de calidad, con objeto de conocer los beneficios, logros y puntos críticos que ha supuesto la implantación del sistema. 
649 |a XX 
650 |a Calidad Total -  |z Europa -  |x Estudios de Caso 
650 |a Control de Calidad -  |z Europa -  |x Estudios de Caso 
650 |a Administración de Obras -  |z Europa -  |x Estudios de Caso 
650 |a Industria de la Construcción -  |z Europa -  |x Estudios de Caso 
650 |a Ciencias Administrativas 
650 |a Ingeniería Civil 
700 |a Sánchez-Ostiz Gutiérrez, Ana  |e (dirección) 
700 |a Law, Graham  |e (dirección) 
910 |a Fondo General 
920 |a Impresos - Libros 
930 |a Colección General 
905 |a 101 
901 |a 0500086262  |b IT1  |c ACC  |u 20250521 
902 |a https://opac.biblio.iteso.mx/vufind/Record/000154322